ՀՀ Գիտությունների ազգային ակադեմիայի հիմնարար գիտական գրադարան  =   Fundamental Scientific Library of NAS RA

Перикл : (Record no. 451570)

MARC details
000 -LEADER
fixed length control field 00874nam a2200241 a 4500
003 - CONTROL NUMBER IDENTIFIER
control field AM-YEHGA
005 - DATE AND TIME OF LATEST TRANSACTION
control field 20250618075309.0
008 - FIXED-LENGTH DATA ELEMENTS--GENERAL INFORMATION
fixed length control field 170926s1923 ru |||||r|||||000|0|rus||
040 ## - CATALOGING SOURCE
Original cataloging agency AM-YeHGA
041 0# - LANGUAGE CODE
Language code of text/sound track or separate title rus
090 ## - LOCALLY ASSIGNED LC-TYPE CALL NUMBER (OCLC); LOCAL CALL NUMBER (RLIN)
-- 454512
100 1# - MAIN ENTRY--PERSONAL NAME
Personal name Бузескул, Владислав Петрович
245 10 - TITLE STATEMENT
Title Перикл :
Remainder of title Личность. Деятельность. Значение /
Statement of responsibility, etc. В.П. Бузескул.
260 ## - PUBLICATION, DISTRIBUTION, ETC.
Place of publication, distribution, etc. Пб. :
Name of publisher, distributor, etc. Брокгауз-Ефрон,
Date of publication, distribution, etc. 1923.
300 ## - PHYSICAL DESCRIPTION
Extent 122 с. ;
Dimensions 18 см.
490 1# - SERIES STATEMENT
Series statement Образы человечества
500 ## - GENERAL NOTE
General note Серия указана на обл.
650 14 - SUBJECT ADDED ENTRY--TOPICAL TERM
Topical term or geographic name entry element Պատմություն
650 14 - SUBJECT ADDED ENTRY--TOPICAL TERM
Topical term or geographic name entry element Հին աշխարհի պատմություն
9 (RLIN) 26
653 0# - INDEX TERM--UNCONTROLLED
Uncontrolled term Перикл - (ок.490-429 до н.э.)
830 #0 - SERIES ADDED ENTRY--UNIFORM TITLE
Uniform title Образы человечества
942 ## - ADDED ENTRY ELEMENTS (KOHA)
Source of classification or shelving scheme Universal Decimal Classification
Koha item type Գրքեր / Books
Holdings
Withdrawn status Lost status Damaged status Not for loan Collection Home library Current library Date acquired Total checkouts Full call number Barcode Date last seen Price effective from Koha item type Public note
        General Fundamental Scientific Library Fundamental Scientific Library 28/09/2020   РД I/12159 FL0627778 28/09/2020 28/09/2020 Գրքեր / Books 30 Days Loan


ՀՀ ԳԱԱ հիմնարար գիտական գրադարան
ՀՀ,Երևան 0019
Մարշալ Բաղրամյան 24/6
հեռախոս:(374-10) 52-47-50
Հետադարձ կապ

All site content, except where otherwise noted, is licensed under a
Creative Commons License